Capital market reform in Asia : (Record no. 482269)
[ view plain ]
| 000 -LEADER | |
|---|---|
| fixed length control field | 01711cam a2200409 i 4500 |
| 001 - CONTROL NUMBER | |
| control field | EDZ0000174445 |
| 003 - CONTROL NUMBER IDENTIFIER | |
| control field | StDuBDS |
| 005 - DATE AND TIME OF LATEST TRANSACTION | |
| control field | 20161031105230.0 |
| 006 - FIXED-LENGTH DATA ELEMENTS--ADDITIONAL MATERIAL CHARACTERISTICS--GENERAL INFORMATION | |
| fixed length control field | m||||||||d|||||||| |
| 007 - PHYSICAL DESCRIPTION FIXED FIELD--GENERAL INFORMATION | |
| fixed length control field | cr ||||||||||| |
| 008 - FIXED-LENGTH DATA ELEMENTS--GENERAL INFORMATION | |
| fixed length control field | 131121s2012 caua fo| 001|0|eng|d |
| 020 ## - INTERNATIONAL STANDARD BOOK NUMBER | |
| International Standard Book Number | 9788132114024 (ebook) : |
| Terms of availability | No price |
| 040 ## - CATALOGING SOURCE | |
| Original cataloging agency | StDuBDS |
| Language of cataloging | eng |
| Transcribing agency | StDuBDS |
| Description conventions | rda |
| -- | pn |
| 049 ## - LOCAL HOLDINGS (OCLC) | |
| Holding library | Alfaisal Main Library |
| 050 #0 - LIBRARY OF CONGRESS CALL NUMBER | |
| Classification number | HG5702 |
| Item number | .C38 2012 |
| 082 04 - DEWEY DECIMAL CLASSIFICATION NUMBER | |
| Classification number | 332.0415095 |
| Edition number | 23 |
| 245 00 - TITLE STATEMENT | |
| Title | Capital market reform in Asia : |
| Remainder of title | towards developed and integrated markets in times of change / |
| Statement of responsibility, etc | edited by Masahiro Kawai, Andrew Sheng. |
| 264 #1 - PRODUCTION, PUBLICATION, DISTRIBUTION, MANUFACTURE STATEMENTS | |
| Place of production, publication, distribution, manufacture | Los Angeles, California : |
| Name of producer, publisher, distributor, manufacturer | SAGE, |
| Date of production, publication, distribution, manufacture | 2012. |
| 300 ## - PHYSICAL DESCRIPTION | |
| Extent | 1 online resource (xxvii, 359 pages) : |
| Other physical details | illustrations (black and white) |
| 336 ## - CONTENT TYPE | |
| Content Type Term | text |
| Source | rdacontent |
| 336 ## - CONTENT TYPE | |
| Content Type Term | still image |
| Source | rdacontent |
| 337 ## - MEDIA TYPE | |
| Media Type Term | computer |
| Source | rdamedia |
| 338 ## - CARRIER TYPE | |
| Carrier Type Term | online resource |
| Source | rdacarrier |
| 504 ## - BIBLIOGRAPHY, ETC. NOTE | |
| Bibliography, etc | Includes bibliographical references and index. |
| 520 8# - SUMMARY, ETC. | |
| Summary, etc | 'Capital Market Refom in Asia' contains a selection of papers that capture the essence of capital market reform in the Asian region, including important lessons from the global financial crisis of 2007-2009. |
| 521 ## - TARGET AUDIENCE NOTE | |
| Target audience note | Specialized. |
| 588 ## - | |
| -- | Description based on print version record. |
| 650 #0 - SUBJECT ADDED ENTRY--TOPICAL TERM | |
| Topical term or geographic name as entry element | Capital market |
| Geographic subdivision | Asia. |
| 650 #0 - SUBJECT ADDED ENTRY--TOPICAL TERM | |
| Topical term or geographic name as entry element | Finance |
| Geographic subdivision | Asia. |
| 655 #7 - INDEX TERM--GENRE/FORM | |
| Genre/form data or focus term | Electronic books. |
| Source of term | local |
| 700 1# - ADDED ENTRY--PERSONAL NAME | |
| Personal name | Kawai, Masahiro, |
| Dates associated with a name | 1947- |
| Relator term | editor of compilation. |
| 700 1# - ADDED ENTRY--PERSONAL NAME | |
| Personal name | Sheng, Andrew, |
| Relator term | editor of compilation. |
| 710 2# - ADDED ENTRY--CORPORATE NAME | |
| Corporate name or jurisdiction name as entry element | Sage eBooks |
| 776 08 - ADDITIONAL PHYSICAL FORM ENTRY | |
| Display text | Print version : |
| International Standard Book Number | 9788132107545 |
| 856 40 - ELECTRONIC LOCATION AND ACCESS | |
| Uniform Resource Identifier | <a href="http://ezproxy.alfaisal.edu/login?url=http://sk.sagepub.com/books/capital-market-reform-in-asia">http://ezproxy.alfaisal.edu/login?url=http://sk.sagepub.com/books/capital-market-reform-in-asia</a> |
| 942 ## - ADDED ENTRY ELEMENTS (KOHA) | |
| Source of classification or shelving scheme | Library of Congress Classification |
| Koha item type | eBooks |
No items available.

